01006nam a2200265 a 450000100100000000500170001000800410002704000250006804100380009308200170013110000280014824000420017624501020021826000440032030000280036449000200039253400630041265000250047565000320050070000340053283000270056604900090059395201210060299900170072300002437020200930022943.0110126s1966 mx a r 000 0 spa d aDO-SdBNPbspacBNPHU17aspaheng2Código de idioma MARC a551.6bH749a1 aHolmes, David C.94997810aThe story of the weather.lEspañol.10aLa atmósfera mar sin playas /cDavid C. Holmes ; versión española de Luisa María Alvarez. aMéxico, D. F. :bLimusa-Wiley,c1966. a237 p. :ail. ;a20 cm.1 aEl mundo de hoy aTítulo de la obra en inglés:tThe story of the weather 4aClimatología93253 4aEstado atmosférico9262391 aAlvarez, Luisa María947398 0aEl mundo de hoy949979 aBNGR 001054708MOaGRbGRcCTd2011-01-26iLF1l0o551.6 H749ap24370-10r2020-06-25w2020-06-25y4ZPréstamo en sala c23863d23863